|
|
|
|
| LEADER |
00000caa a2200000 c 4500 |
| 001 |
117219792X |
| 003 |
DE-627 |
| 005 |
20220524135131.0 |
| 007 |
tu |
| 008 |
021128s2002 xx ||||| 00| ||ger c |
| 020 |
|
|
|a 3472052082
|
| 035 |
|
|
|a (DE-627)117219792X
|
| 035 |
|
|
|a (DE-576)10219792X
|
| 035 |
|
|
|a (DE-599)BSZ10219792X
|
| 040 |
|
|
|a DE-627
|b ger
|c DE-627
|e rakwb
|
| 041 |
|
|
|a ger
|
| 100 |
1 |
|
|a Kersten, Klaus U.
|d 1941-
|0 (DE-588)1145436749
|0 (DE-627)1006561781
|0 (DE-576)161692621
|4 aut
|
| 109 |
|
|
|a Kersten, Klaus U. 1941-
|a Kersten, Klaus Ulrich 1941-
|a Kersten, Ulrich 1941-
|
| 245 |
1 |
4 |
|a Die polizeiliche Bekämpfung des internationalen Terrorismus
|c Ulrich Kersten
|
| 264 |
|
1 |
|c 2002
|
| 336 |
|
|
|a Text
|b txt
|2 rdacontent
|
| 337 |
|
|
|a ohne Hilfsmittel zu benutzen
|b n
|2 rdamedia
|
| 338 |
|
|
|a Band
|b nc
|2 rdacarrier
|
| 773 |
0 |
8 |
|i In
|t Islamistischer Terrorismus
|d Neuwied : Luchterhand, 2002
|g (2002), Seite 45-61
|h V, 145 S.
|w (DE-627)1169193765
|w (DE-576)099193760
|z 3472052082
|7 nnam
|
| 773 |
1 |
8 |
|g year:2002
|g pages:45-61
|
| 935 |
|
|
|a mkri
|
| 951 |
|
|
|a AR
|
| ELC |
|
|
|b 1
|
| LOK |
|
|
|0 000 xxxxxcx a22 zn 4500
|
| LOK |
|
|
|0 001 2899387049
|
| LOK |
|
|
|0 003 DE-627
|
| LOK |
|
|
|0 004 117219792X
|
| LOK |
|
|
|0 005 20260216150425
|
| LOK |
|
|
|0 008 160208||||||||||||||||ger|||||||
|
| LOK |
|
|
|0 040
|a DE-21-110
|c DE-627
|d DE-21-110
|
| LOK |
|
|
|0 689
|a s
|a International
|
| LOK |
|
|
|0 689
|a s
|a Polizei
|
| LOK |
|
|
|0 689
|a s
|a Terrorismusbekämpfung
|
| LOK |
|
|
|0 852
|a DE-21-110
|
| LOK |
|
|
|0 852 1
|m p
|9 00
|
| LOK |
|
|
|0 935
|a k110
|
| LOK |
|
|
|0 938
|k p
|
| LOK |
|
|
|0 939
|a 08-02-16
|b l01
|
| ORI |
|
|
|a WA-MARC-krimdoka001.raw
|